<?xml version="1.0" encoding="UTF-8"?>
<marc:record xmlns:marc="http://www.loc.gov/MARC21/slim">
   <marc:leader>00000nam a2200000 a 4500</marc:leader>
   <marc:datafield ind1="1" ind2=" " tag="100">
      <marc:subfield code="a">Kaiser, Vea</marc:subfield>
      <marc:subfield code="4">aut</marc:subfield>
      <marc:subfield code="e">Verfasser/-in</marc:subfield>
   </marc:datafield>
   <marc:datafield ind1="1" ind2=" " tag="100">
      <marc:subfield code="a">Klaußner, Burghart</marc:subfield>
   </marc:datafield>
   <marc:datafield ind1=" " ind2=" " tag="653">
      <marc:subfield code="a">CD-Hörbuch</marc:subfield>
   </marc:datafield>
   <marc:datafield ind1="0" ind2="0" tag="245">
      <marc:subfield code="a">Makarionissi oder die Insel der Seligen</marc:subfield>
   </marc:datafield>
   <marc:datafield ind1="0" ind2="0" tag="245">
      <marc:subfield code="c">Vea Kaiser. Burghart Klaußner</marc:subfield>
   </marc:datafield>
   <marc:datafield ind1=" " ind2="1" tag="264">
      <marc:subfield code="a">Berlin</marc:subfield>
      <marc:subfield code="b">Argon Verl.</marc:subfield>
      <marc:subfield code="c">2015</marc:subfield>
   </marc:datafield>
   <marc:datafield ind1="1" ind2=" " tag="520">
      <marc:subfield code="a">Alles beginnt in einem vom Krieg entzweiten Dorf an der albanisch-griechischen Grenze. Mit einer Großmutter und Kupplerin par excellence, die keine Intrige scheut, um den Fortbestand ihrer Familie zu sichern. Sie will die kluge, sture Eleni mit ihrem Cousin Lefti verheiraten, der sich nichts sehnlicher wünscht als Frieden. Als Kinder unzertrennlich, entzweien sich die beiden jedoch umso stärker als Erwachsene. Ihre Wege führen in eine niedersächsische Kleinstadt, wo sich die Erotik der deutschen Sprache offenbart, zu einem trauernden Schlagerstar in der österreichischen Provinz und einem arbeitslosen Gewerkschafter in Griechenland, der verzweifelt seinen Ehering sucht, um dem Tod ein Schnippchen zu schlagen. Mit hinreißender Tragikomik, einem liebevollem Blick für Details und furioser Fabulierlust folgt Vea Kaiser der Geschichte einer unvergesslichen Familie, die auseinandergerissen werden musste, um zusammenfinden.</marc:subfield>
   </marc:datafield>
   <marc:datafield ind1=" " ind2=" " tag="020">
      <marc:subfield code="a">9783839813904</marc:subfield>
      <marc:subfield code="9">9783839813904</marc:subfield>
   </marc:datafield>
   <marc:datafield ind1=" " ind2=" " tag="041">
      <marc:subfield code="a">ger</marc:subfield>
   </marc:datafield>
</marc:record>
